Central Library OPAC University of Rajshahi

The rise of scientific philosophy / (Record no. 30724)

MARC details
000 -LEADER
fixed length control field 00688nam a22002291 4500
001 - CONTROL NUMBER
control field 30724
003 - CONTROL NUMBER IDENTIFIER
rucl marc code BD-RjUL
005 - DATE AND TIME OF LATEST TRANSACTION
control field 20211209051616.0
008 - FIXED-LENGTH DATA ELEMENTS--GENERAL INFORMATION
fixed length control field 160723t19661951cau 001 0 eng
035 ## - SYSTEM CONTROL NUMBER
System control number (BD-RjUL) 30811
040 ## - CATALOGING SOURCE
Original cataloging agency DLC
Transcribing agency DLC
Modifying agency DLC
-- BD-RjUL
Language of cataloging eng
041 ## - LANGUAGE CODE
Language code of text/sound track or separate title eng
082 00 - DEWEY DECIMAL CLASSIFICATION NUMBER
Classification number 501
Author mark and year RER 1964-1966
Edition number 22
100 1# - MAIN ENTRY--PERSONAL NAME
Personal name Reichenbach, Hans,
Dates associated with a name 1891-1953.
9 (RLIN) 327
245 14 - TITLE STATEMENT
Title The rise of scientific philosophy /
Statement of responsibility, etc. Hans Reichenbach.
260 ## - PUBLICATION, DISTRIBUTION, ETC. (IMPRINT)
Place of publication, distribution, etc. Berkeley :
Name of publisher, distributor, etc. University of California Press,
Date of publication, distribution, etc. 1951 [Printing 1966].
300 ## - PHYSICAL DESCRIPTION
Pagination xi, 333 p. ;
Size 21 cm.
500 ## - GENERAL NOTE
General note Includes index.
650 #0 - SUBJECT ADDED ENTRY--TOPICAL TERM
Topical term or geographic name as entry element Philosophy.
9 (RLIN) 93381
Topical term or geographic name as entry element Science
General subdivision Philosophy
9 (RLIN) 138181
942 ## - ADDED ENTRY ELEMENTS (KOHA)
Source of classification or shelving scheme Dewey Decimal Classification
Koha item type Books
Holdings
Lost status Source of classification or shelving scheme Damaged status Not for loan Collection code Permanent Location Current Location Shelving location Date acquired Source of acquisition Cost, normal purchase price Total Checkouts Full call number Date last seen Copy number Koha item type
  Dewey Decimal Classification     Non-fiction Central Library, University of Rajshahi Central Library, University of Rajshahi   01/02/1975 Jonathan Wren & Co. 1.55   501 RER 1964 12/04/2014 C-4 Books
  Dewey Decimal Classification     Non-fiction Central Library, University of Rajshahi Central Library, University of Rajshahi   01/02/1975 Jonathan Wren & Co. 1.55   501 RER 1966 12/04/2014 C-3 Books
  Dewey Decimal Classification     Non-fiction Central Library, University of Rajshahi Central Library, University of Rajshahi   01/02/1975 Jonathan Wren & Co. 1.55   501 RER 1964 23/07/2016 C-2 Books
  Dewey Decimal Classification   Not For Loan Non-fiction Central Library, University of Rajshahi Central Library, University of Rajshahi Reading Room 12/02/1963 Zeitlinger     501 RER 1962 28/12/2016 C-1 Books